| Tag |
First Indicator |
Second Indicator |
Subfields |
| LEADER |
00000cam a2200000 a 4500 |
| 001 |
in00000089651 |
| 005 |
20151008065448.0 |
| 008 |
771213s1964 dcu b 00010 eng d |
| 035 |
|
|
|a (OCoLC)03489496
|
| 035 |
|
|
|9 AAK5991AM
|
| 040 |
|
|
|a AZN
|c AZN
|d TXA
|d UtOrBLW
|
| 049 |
|
|
|a TXAM
|c [1655663]
|
| 090 |
|
|
|a BF432.N5
|b P9
|
| 100 |
1 |
|
|a Putnam, Carleton,
|d 1901-
|
| 245 |
1 |
0 |
|a Framework for love :
|b a study in racial realities : address at the University of California at Davis with subsequent questions and answers /
|c by Carleton Putnam.
|
| 264 |
|
1 |
|a Washington, D.C. :
|b National Putnam Letters Committee,
|c [1964?]
|
| 300 |
|
|
|a 63 pages ;
|c 23 cm.
|
| 336 |
|
|
|a text
|b txt
|2 rdacontent
|
| 337 |
|
|
|a unmediated
|b n
|2 rdamedia
|
| 338 |
|
|
|a volume
|b nc
|2 rdacarrier
|
| 500 |
|
|
|a Includes bibliographical references.
|
| 650 |
|
0 |
|a Intelligence levels
|x Blacks.
|
| 650 |
|
0 |
|a Intelligence levels
|x African Americans.
|
| 650 |
|
0 |
|a Black race.
|
| 999 |
|
|
|a MARS
|
| 999 |
f |
f |
|s 3960e767-ce54-36bc-a649-75e6026ab444
|i f019ff4c-c366-3050-9899-8094742ae21f
|t 0
|
| 952 |
f |
f |
|p normal
|a Texas A&M University
|b College Station
|c Sterling C. Evans Library
|d Evans: Library Stacks
|t 0
|e BF432.N5 P9
|h Library of Congress classification
|i unmediated -- volume
|m A14806087219
|
| 998 |
f |
f |
|a BF432.N5 P9
|t 0
|l Evans: Library Stacks
|